Concelhos do Porto no mapa - Statistics

Estatísticas Gerais
  • Esse quiz foi jogado 150 vezes
  • A pontuação média é 11 de 18
Respostas no mapa
Respostas codificadas por cores de uma escala verde-vermelha no mapa do quiz de acordo com a % correta abaixo.
 
Estatísticas das Respostas
Resposta % Correto
Matosinhos
82%
Porto
80%
Póvoa de Varzim
78%
Vila Nova de Gaia
78%
Vila do Conde
76%
Maia
69%
Amarante
60%
Baião
56%
Paredes
56%
Santo Tirso
56%
Trofa
56%
Gondomar
55%
Marco de Canaveses
55%
Valongo
53%
Penafiel
51%
Paços de Ferreira
49%
Lousada
42%
Felgueiras
40%
Nenhum quiz correspondente encontrado
Distribuição das Pontuações
Porcentagem de Pessoas com Cada Pontuação
Percentil de Números Respondidos
Sua Pontuação Histórica
Você não jogou esse quiz